Enciclopedia del técnico en electrónica video. Tecnología de la magnetoscopios del sistema VHS
| Main Authors: | , |
|---|---|
| Format: | Section = Libro |
| Language: | Undetermined Spanish |
| Published: |
España
CEAC
2002
|
| Subjects: |
| LEADER | 00672nam a2200229Ia 4500 | ||
|---|---|---|---|
| 008 | 240829s9999 xx 000 0 und d | ||
| 020 | |a 84-329-8016-1 | ||
| 040 | |a BIBLIOTECA-RUSB/ Ref 621.381 R934 | ||
| 041 | |a spa | ||
| 082 | |a Ref 621.381 R934 | ||
| 100 | 1 | |a Ruiz Vassallo, Francisco | |
| 100 | 1 | |b V ESTEREO | |
| 245 | 1 | 0 | |a Enciclopedia del técnico en electrónica video. Tecnología de la magnetoscopios del sistema VHS |
| 260 | |a España |b CEAC |c 2002 | ||
| 300 | |a 317 p. :il. | ||
| 650 | 7 | |a ELECTRONICA | |
| 650 | 7 | |b TELEVISION DIGITAL | |
| 650 | 7 | |c TELEVISION DIGITAL VIA SATELITE | |
| 650 | 7 | |d SISTEMAS DE T | |
| 942 | |c BK |2 ddc | ||
| 991 | |a TEXTO | ||
| 999 | |c 6131 | ||